Cancel culture v oblasti marketingové komunikace
V dnešnej informačnej spoločnosti stále viac hovoríme o slobode médií, a to predovšetkým na internete. Základným delením je rozdelenie podľa regulácie prístupu a regulácie obsahu. Regulácia prístupu do médií spočíva v rozhodovaní o tom, kto môže vysielať - to sa týka predovšetkým televízneho a rozhl...
Salvato in:
| Autore principale: | |
|---|---|
| Altri autori: | |
| Natura: | Capitolo di libro |
| Lingua: | ceco |
| Soggetti: | |
| Tags: |
Nessun Tag, puoi essere il primo ad aggiungerne!!
|
MARC
| LEADER | 00000naa a2200000 4500 | ||
|---|---|---|---|
| 001 | 0300136 | ||
| 005 | 20240529124211.7 | ||
| 041 | 0 | |a cze | |
| 044 | |a CZ | ||
| 245 | 1 | 0 | |a Cancel culture v oblasti marketingové komunikace |c Pavel Sládek, Ondřej Pešek |
| 520 | |a V dnešnej informačnej spoločnosti stále viac hovoríme o slobode médií, a to predovšetkým na internete. Základným delením je rozdelenie podľa regulácie prístupu a regulácie obsahu. Regulácia prístupu do médií spočíva v rozhodovaní o tom, kto môže vysielať - to sa týka predovšetkým televízneho a rozhlasového vysielania. | ||
| 610 | 2 | 0 | |a komunikácia marketingová |
| 610 | 2 | 0 | |a etika |
| 610 | 2 | 0 | |a sloboda informácií |
| 610 | 2 | 0 | |a médiá |
| 100 | 1 | |a Sládek, Pavel | |
| 700 | 1 | |a Pešek, Ondřej | |